000 00571nam a2200193Ia 4500
003 GCL
005 20240530110143.0
008 140319s9999 xx 000 0 ara d
040 _aGCL /
_cGCL
082 0 4 _a370.1
_bم م
100 1 _aمحمود السيد سلطان
245 1 0 _aمسيرة الفكر التربوى عبر التاريخ /
_cمحمود السيد سلطان
260 _a[S.N] :
_bدار المعارف ،
_c1979
300 _a230 ص
650 0 4 _aالتربية
650 0 4 _aالمدارس
650 0 4 _aالمدرسون
942 _2ddc
_cBK
999 _c58992
_d58992